000 00912nam0a22002771 4500
001 rc\285330
005 20250621020652.0
035 _a(NLR Aleph) 005515291
090 _a5450230
_c5450230
100 _a20030307d1990 |||y0rusy50 ca
101 0 _arus
102 _aRU
105 _aa |||||||||
200 1 _aСловарь личных имен удмуртов
_e[Ок. 6800 имен]
_fАН СССР. Ур. отд-ние, Удм. ин-т истории яз. и лит.
210 _aИжевск
_cУИИЯЛ
_d1990
215 _a395 с., [1] л. карт.
_d20
300 _aПарал. загл. на удм. яз.
320 _aБиблиогр.: с. 16-17, 390-394
700 1 _aАтаманов
_bМ.Г.
_gМихаил Гаврилович
801 0 _aRU
_bNLR
_gpsbo
801 1 _aRU
_bELAR
_2rusmarc
852 _aNLR
_jОНЛ
852 _aNLR
_bОНЛ
942 _cBOOK
980 _aNB